000 00840nam a2200253Ia 4500
003 OSt
005 20220923222035.0
006 a|||||r|||| 00| 0
007 ta
008 220922b |||||||| |||| 00| 0 hin d
024 _a202,322
037 _cTextual
040 _aARTS
_cARTS
_bhin
041 _2hin
_ahin
082 _aO15,1A1:g, 152N6
100 _aशास्त्री, धर्मेन्द्रनाथ
245 0 _aरामायण के आख्यान
246 _aRāmāyaṇ ke ākhyāna
260 _aदिल्ली
_b परिमल
_c1996
300 _a328पृ.
_ccm.
650 _aहिन्दी साहित्य
_9156264
942 _hO15,1A1:g, 152N6
_cTEXL
_2CC
999 _c353498
_d353498